[Event "Titled Tuesday intern op 08th Aug Late"]
[Site "Chess.com INT"]
[Date "2023.08.08"]
[Round "6"]
[White "Donchenko, Alexander"]
[Black "Richter, Nils"]
[Result "0-1"]
[WhiteElo "2684"]
[BlackElo "2409"]
[PlyCount "124"]
[EventDate "2023.08.08"]
[EventType "swiss (blitz)"]
[EventRounds "11"]
[EventCountry "USA"]
[SourceTitle "EXT 2024"]
[Source "ChessBase"]
[SourceDate "2023.10.10"]
[SourceVersion "1"]
[SourceVersionDate "2023.10.10"]
[SourceQuality "1"]

1. c4 g6 2. g3 Bg7 3. Bg2 d6 4. Nc3 e5 5. d3 Nc6 6. e3 f5 7. Nge2 Nf6 8. Rb1 0-0 9. b4 Ne7 10. b5 Rb8 11. 0-0 g5 12. a4 Ng6 13. f4 exf4 14. exf4 g4 15. Bb2 h5 16. Re1 h4 17. Nd4 Nh5 18. Nce2 Kh7 19. Qd2 Re8 20. Nb3 Qd7 21. d4 Qf7 22. Qd3 Be6 23. d5 Bd7 24. Bxg7 Nxg7 25. Nbd4 Re7 26. Nc3 Rbe8 27. Kf2 Qf6 28. Rxe7 Rxe7 29. Re1 h3 30. Rxe7 Qxe7 31. Bf1 Kg8 32. Qe3 Qxe3+ 33. Kxe3 Ne7 34. a5 Kf7 35. Bd3 Kf6 36. Kd2 Ne8 37. Nd1 Ng7 38. Ne3 Nh5 39. Nf1 Ng7 40. Kc3 Kf7 41. Kb4 b6 42. Ne3 Kf6 43. Nc6 Nc8 44. Nb8 Be8 45. Nc2 Nh5 46. Bf1 Ke7 47. Nd4 Bg6 48. Ne6 bxa5+ 49. Kxa5 Nb6 50. Kb4 Na8 51. Nc6+ Kf6 52. Nxa7 Bf7 53. Nd4 Nb6 54. Nac6 Bxd5 55. cxd5 Nxd5+ 56. Ka5 Ne3 57. Bd3 Nxg3 58. Nb8 Nh5 59. Na6 g3 60. Be2 gxh2 61. Bf3 Nxf4 62. Bh1 Nd3 0-1

[Event "Titled Tuesday intern op 08th Aug Late"]
[Site "Chess.com INT"]
[Date "2023.08.08"]
[Round "2"]
[White "Richter, Nils"]
[Black "Nguyen, Ngoc Truong Son"]
[Result "0-1"]
[WhiteElo "2409"]
[BlackElo "2641"]
[PlyCount "100"]
[EventDate "2023.08.08"]
[EventType "swiss (blitz)"]
[EventRounds "11"]
[EventCountry "USA"]
[SourceTitle "EXT 2024"]
[Source "ChessBase"]
[SourceDate "2023.10.10"]
[SourceVersion "1"]
[SourceVersionDate "2023.10.10"]
[SourceQuality "1"]

1. d4 Nf6 2. c4 g6 3. Nc3 Bg7 4. e4 d6 5. h3 Na6 6. Be3 0-0 7. g4 e5 8. d5 Nc5 9. f3 c6 10. Qd2 b5 11. dxc6 bxc4 12. Bxc4 Be6 13. Bxe6 Nxe6 14. 0-0-0 Rc8 15. Qxd6 Qa5 16. Nge2 Rfd8 17. Qa3 Qxa3 18. bxa3 a6 19. Rxd8+ Nxd8 20. Rd1 Nxc6 21. Kb1 Bf8 22. Bg5 Ne8 23. Nd5 Bxa3 24. Rd3 Rb8+ 25. Rb3 Rxb3+ 26. axb3 Kg7 27. h4 f6 28. Be3 Nd6 29. Ka2 Nb5 30. h5 Nb4+ 31. Nxb4 Bxb4 32. Kb2 Kf7 33. Kc2 Ke6 34. Kd3 Nd6 35. Ng3 Be1 36. Ne2 gxh5 37. gxh5 f5 38. Bc5 Nf7 39. f4 exf4 40. Nd4+ Kf6 41. exf5 Bf2 42. Ke4 Bxd4 43. Bxd4+ Kg5 44. Bc5 Kg4 45. Bf2 Nd6+ 46. Ke5 Nxf5 47. Kf6 Ng3 48. h6 Ne4+ 49. Kg7 Nxf2 50. Kxh7 Ne4 0-1

[Event "Titled Tuesday intern op 25th Jul Early"]
[Site "Chess.com INT"]
[Date "2023.07.25"]
[Round "6"]
[White "Richter, Nils"]
[Black "Rosh, Jain"]
[Result "1-0"]
[WhiteElo "2409"]
[BlackElo "2248"]
[PlyCount "119"]
[EventDate "2023.07.25"]
[EventType "swiss (blitz)"]
[EventRounds "11"]
[EventCountry "USA"]
[SourceTitle "EXT 2024"]
[Source "ChessBase"]
[SourceDate "2023.10.10"]
[SourceVersion "1"]
[SourceVersionDate "2023.10.10"]
[SourceQuality "1"]

1. d4 Nf6 2. Nc3 d5 3. Bf4 e6 4. Nb5 Na6 5. e3 c6 6. Nc3 c5 7. Nb5 c4 8. c3 Qb6 9. a4 Bd7 10. b3 Bxb5 11. axb5 Qxb5 12. bxc4 dxc4 13. Nf3 Nd5 14. Ne5 Nxf4 15. exf4 Rc8 16. Be2 Bd6 17. 0-0 0-0 18. Qd2 f6 19. Rfb1 Qe8 20. Nxc4 Be7 21. Rxb7 Nb8 22. Raxa7 Nc6 23. Nd6 Qg6 24. Nxc8 Rxc8 25. Rxe7 Nxe7 26. Rxe7 Qb1+ 27. Bf1 Qb6 28. Qe3 Rc6 29. d5 exd5 30. Qxb6 Rxb6 31. Rd7 Rc6 32. Rxd5 Rxc3 33. Rd3 Rc1 34. Rf3 Kf7 35. g3 Kg6 36. Kg2 Rc8 37. Bd3+ Kf7 38. h4 Rd8 39. Re3 g6 40. Be2 f5 41. h5 Kf6 42. hxg6 hxg6 43. Bc4 Rd2 44. Re6+ Kg7 45. Re7+ Kh8 46. Bf7 Kg7 47. Be8+ Kh6 48. Re6 Kh5 49. Kh3 Rxf2 50. Bxg6+ Kh6 51. Bxf5+ Kg7 52. Kg4 Rf1 53. Rg6+ Kf7 54. Rd6 Re1 55. Kg5 Re8 56. Rd7+ Kg8 57. g4 Kh8 58. Kh6 Kg8 59. g5 Rf8 60. g6 1-0

[Event "Titled Tuesday intern op 25th Jul Early"]
[Site "Chess.com INT"]
[Date "2023.07.25"]
[Round "11"]
[White "Xu, Yi"]
[Black "Richter, Nils"]
[Result "1-0"]
[WhiteElo "2494"]
[BlackElo "2409"]
[PlyCount "145"]
[EventDate "2023.07.25"]
[EventType "swiss (blitz)"]
[EventRounds "11"]
[EventCountry "USA"]
[SourceTitle "EXT 2024"]
[Source "ChessBase"]
[SourceDate "2023.10.10"]
[SourceVersion "1"]
[SourceVersionDate "2023.10.10"]
[SourceQuality "1"]

1. h3 d5 2. a3 e5 3. b4 Nf6 4. Bb2 Bd6 5. g4 0-0 6. Bg2 c6 7. d3 a5 8. c3 axb4 9. axb4 Rxa1 10. Bxa1 Re8 11. e4 h6 12. Ne2 Nbd7 13. Ng3 Nf8 14. Bb2 Ng6 15. Bc1 Nh4 16. 0-0 Nxg2 17. Kxg2 b6 18. Be3 Bb7 19. Qc2 c5 20. bxc5 bxc5 21. c4 d4 22. Bc1 Nh7 23. Nd2 Ng5 24. Nf3 Ne6 25. Nf5 Bc7 26. h4 Bc8 27. g5 hxg5 28. hxg5 g6 29. Nh6+ Kg7 30. Rh1 Rh8 31. Qa4 Bd6 32. Qc6 Bc7 33. Ng4 Rxh1 34. Kxh1 Bd7 35. Qb7 Qh8+ 36. Kg2 Nf4+ 37. Bxf4 Bxg4 38. Bxe5+ Bxe5 39. Nxe5 Be6 40. Qe7 Qh3+ 41. Kg1 Qh5 42. Qf6+ Kg8 43. Qf4 Qd1+ 44. Kg2 Qh5 45. Qg3 Kg7 46. Qf4 Kg8 47. f3 Qh8 48. Nc6 Qh5 49. Ne7+ Kf8 50. Nd5 Qh8 51. Qb8+ Kg7 52. Qxh8+ Kxh8 53. Nf4 Bd7 54. Ne2 Kg7 55. Nc1 Ba4 56. f4 Kf8 57. e5 Ke7 58. Kf3 Ke6 59. Kg4 Bd1+ 60. Kh4 Kf5 61. Kg3 Bc2 62. Kf3 Bd1+ 63. Kg3 Ba4 64. Ne2 Bc2 65. Nc1 Bd1 66. Na2 Be2 67. Nc1 Bh5 68. Nb3 Be2 69. Nxc5 Bf1 70. Kf3 Bh3 71. Nb3 Bg4+ 72. Kg3 Bd1 73. Nxd4# 1-0

[Event "AUT-chT 2223"]
[Site "Austria"]
[Date "2023.04.14"]
[Round "10.5"]
[White "Richter, Nils"]
[Black "Bacrot, Etienne"]
[Result "0-1"]
[WhiteElo "2387"]
[BlackElo "2646"]
[PlyCount "124"]
[EventDate "2022.11.03"]
[EventType "team-tourn"]
[EventRounds "11"]
[EventCountry "AUT"]
[SourceTitle "EXT 2024"]
[Source "ChessBase"]
[SourceDate "2023.10.10"]
[SourceVersion "1"]
[SourceVersionDate "2023.10.10"]
[SourceQuality "1"]
[WhiteTeam "Goetzis"]
[BlackTeam "Linz"]
[WhiteTeamCountry "AUT"]
[BlackTeamCountry "AUT"]

1. Nf3 d5 2. e3 Nf6 3. c4 e6 4. Nc3 b6 5. cxd5 exd5 6. g3 g6 7. Bg2 Bg7 8. 0-0 0-0 9. b3 Re8 10. Bb2 Nbd7 11. Re1 Bb7 12. Rc1 Rc8 13. d3 c5 14. d4 a6 15. dxc5 bxc5 16. Re2 Bc6 17. Rec2 Bh6 18. Ra1 a5 19. Ne2 a4 20. Nf4 Qb6 21. Bh3 Rcd8 22. Nd3 axb3 23. axb3 d4 24. exd4 Qxb3 25. Bg2 Ba4 26. Rxa4 Qxa4 27. Qb1 cxd4 28. Bxd4 Rb8 29. Rb2 Rxb2 30. Nxb2 Qb3 31. Qd3 Qxd3 32. Nxd3 Rb8 33. h4 Rb1+ 34. Bf1 Ng4 35. Kg2 Bg7 36. Be2 Bxd4 37. Nxd4 Nge5 38. Nf4 Rb2 39. Kf1 Nf6 40. Nf3 Neg4 41. Ng5 h6 42. Ngh3 Ne5 43. Nd3 Nxd3 44. Bxd3 Kf8 45. Be2 Ne4 46. Bd3 Nc5 47. Bc4 Rc2 48. Bd5 Rd2 49. Bc4 Ne4 50. Be2 Ke7 51. Bf3 Nc5 52. Ke1 Rb2 53. Bd5 f5 54. Kf1 Kf6 55. Bc4 Rc2 56. Bd5 Nd3 57. Bb3 Rc7 58. Ba4 Rc1+ 59. Kg2 g5 60. hxg5+ hxg5 61. Bb5 Ne1+ 62. Kf1 Nf3+ 0-1

[Event "Titled Tuesday intern op 28th Mar Early"]
[Site "Chess.com INT"]
[Date "2023.03.28"]
[Round "8"]
[White "Devaev, Alexander"]
[Black "Richter, Nils"]
[Result "1-0"]
[WhiteElo "2325"]
[BlackElo "2420"]
[PlyCount "95"]
[EventDate "2023.03.28"]
[EventType "swiss (blitz)"]
[EventRounds "11"]
[EventCountry "USA"]
[SourceTitle "EXT 2024"]
[Source "ChessBase"]
[SourceDate "2023.10.10"]
[SourceVersion "1"]
[SourceVersionDate "2023.10.10"]
[SourceQuality "1"]

1. d4 d5 2. c4 e6 3. Nc3 a6 4. e3 Nf6 5. Nf3 Nbd7 6. Qc2 b6 7. cxd5 exd5 8. Bd3 Bb7 9. 0-0 Bd6 10. e4 dxe4 11. Nxe4 0-0 12. Nxd6 Bxf3 13. Nf5 Bb7 14. Bf4 Rc8 15. Rfe1 Re8 16. Qd2 Nf8 17. Rxe8 Qxe8 18. Re1 Qd7 19. Ne7+ Kh8 20. Bf5 Ne6 21. Bxe6 fxe6 22. Nxc8 Qxc8 23. Be5 Qd7 24. Bxf6 gxf6 25. Qe3 Bd5 26. a3 c6 27. f3 b5 28. Qf4 Kg7 29. h3 a5 30. Kh2 a4 31. Qg3+ Kf7 32. h4 Qa7 33. Qf4 Kg7 34. h5 h6 35. Qg3+ Kh8 36. Qg6 Qg7 37. Qxg7+ Kxg7 38. Kg3 Kf7 39. Kf4 Ke7 40. g4 Kf7 41. Rg1 Ke7 42. Ke3 Kf7 43. f4 Bb3 44. g5 fxg5 45. fxg5 Kg7 46. g6 Bc2 47. Kf4 Kf6 48. g7 1-0

[Event "Titled Tuesday intern op 28th Mar Early"]
[Site "Chess.com INT"]
[Date "2023.03.28"]
[Round "4"]
[White "Drygalov, Andrey"]
[Black "Richter, Nils"]
[Result "1-0"]
[WhiteElo "2484"]
[BlackElo "2420"]
[PlyCount "101"]
[EventDate "2023.03.28"]
[EventType "swiss (blitz)"]
[EventRounds "11"]
[EventCountry "USA"]
[SourceTitle "EXT 2024"]
[Source "ChessBase"]
[SourceDate "2023.10.10"]
[SourceVersion "1"]
[SourceVersionDate "2023.10.10"]
[SourceQuality "1"]

1. e4 c5 2. Nf3 Nf6 3. e5 Nd5 4. Nc3 Nxc3 5. dxc3 Nc6 6. Bf4 e6 7. Qd2 Be7 8. 0-0-0 0-0 9. h4 a6 10. Bd3 b5 11. Bxh7+ Kxh7 12. Ng5+ Kg8 13. Qd3 g6 14. Qg3 Kg7 15. h5 Rh8 16. Nxf7 Kxf7 17. Qxg6+ Kf8 18. Bh6+ Rxh6 19. Qxh6+ Kg8 20. f4 Bf8 21. Qg6+ Kh8 22. Rh3 Qe7 23. Rg3 Qg7 24. Qd3 Qh6 25. Qe4 Rb8 26. Kb1 Ne7 27. Rg5 Bb7 28. Qe2 Bd5 29. Qg4 c4 30. Rh1 Nf5 31. Rh3 Bg7 32. Rg6 Qh7 33. Qe2 Bh6 34. g4 Ne7 35. g5 Nxg6 36. hxg6 Qg7 37. Qh2 Kg8 38. Rxh6 Be4 39. Rh7 Qxg6 40. Rh8+ Kf7 41. Rxb8 Qh7 42. Qxh7+ Bxh7 43. Kc1 Kg6 44. Rb7 Kf5 45. Rxd7 Bg6 46. Rd4 Bh5 47. a4 Bf3 48. axb5 axb5 49. b3 Bd5 50. Kb2 Kg6 51. Ka3 1-0

[Event "Titled Tuesday intern op 28th Mar Early"]
[Site "Chess.com INT"]
[Date "2023.03.28"]
[Round "2"]
[White "Richter, Nils"]
[Black "Dardha, Daniel"]
[Result "0-1"]
[WhiteElo "2420"]
[BlackElo "2610"]
[PlyCount "62"]
[EventDate "2023.03.28"]
[EventType "swiss (blitz)"]
[EventRounds "11"]
[EventCountry "USA"]
[SourceTitle "EXT 2024"]
[Source "ChessBase"]
[SourceDate "2023.10.10"]
[SourceVersion "1"]
[SourceVersionDate "2023.10.10"]
[SourceQuality "1"]

1. b3 g5 2. Bb2 Nf6 3. Nf3 g4 4. Ne5 d6 5. Nd3 e5 6. e3 Nc6 7. c4 Bf5 8. Nc3 Bg7 9. a3 Qd7 10. Nb4 Ne7 11. Nbd5 Nfxd5 12. cxd5 h5 13. e4 Bg6 14. Bc4 a6 15. a4 f5 16. d3 0-0 17. b4 Rf7 18. Qe2 Raf8 19. Rf1 Bh6 20. Bc1 Bxc1 21. Rxc1 fxe4 22. dxe4 Kg7 23. Kd2 Rf4 24. Kc2 c6 25. Kb3 cxd5 26. Nxd5 Rxe4 27. Qd2 Rd4 28. Qg5 Nxd5 29. Bxd5 Rxd5 30. f4 exf4 31. Qxd5 Bf7 0-1

[Event "Titled Tuesday intern op 28th Mar Early"]
[Site "Chess.com INT"]
[Date "2023.03.28"]
[Round "5"]
[White "Richter, Nils"]
[Black "Gatterer, Florian"]
[Result "1-0"]
[WhiteElo "2420"]
[BlackElo "2170"]
[PlyCount "119"]
[EventDate "2023.03.28"]
[EventType "swiss (blitz)"]
[EventRounds "11"]
[EventCountry "USA"]
[SourceTitle "EXT 2024"]
[Source "ChessBase"]
[SourceDate "2023.10.10"]
[SourceVersion "1"]
[SourceVersionDate "2023.10.10"]
[SourceQuality "1"]

1. b3 e5 2. Bb2 Nc6 3. e3 Nf6 4. c4 d5 5. cxd5 Nxd5 6. Nf3 Bd6 7. d3 0-0 8. Be2 Qe7 9. 0-0 a5 10. a3 Be6 11. Nbd2 Kh8 12. Qc2 f6 13. Ne4 Rfc8 14. Kh1 Bf7 15. g4 Nd8 16. Rg1 c5 17. Rg3 b6 18. Rag1 a4 19. bxa4 Be8 20. Nc3 Nxc3 21. Qxc3 Bc6 22. e4 Ne6 23. g5 Nf4 24. Bd1 Bxa4 25. Bxa4 Rxa4 26. gxf6 gxf6 27. Qb3 Raa8 28. Nh4 Qe6 29. Qxe6 Nxe6 30. Nf5 Rd8 31. h4 Bc7 32. h5 Rg8 33. Rxg8+ Rxg8 34. Rxg8+ Kxg8 35. Ne7+ Kf7 36. Nd5 Bd8 37. Kg2 b5 38. Kh3 Be7 39. Kg4 b4 40. a4 Nd8 41. a5 Nc6 42. a6 Bd8 43. f4 exf4 44. Kxf4 Ke6 45. h6 b3 46. Ke3 Be7 47. Kd2 f5 48. Kc3 fxe4 49. dxe4 Bd6 50. Kxb3 Be5 51. Ba3 Bd4 52. Kc4 Ke5 53. Bxc5 Bxc5 54. Kxc5 Na7 55. Kb6 Nc8+ 56. Kc7 Na7 57. Kb7 Nb5 58. Nc3 Nd6+ 59. Kc7 Ne8+ 60. Kc6 1-0

[Event "AUT-chT 2223"]
[Site "Austria"]
[Date "2023.03.23"]
[Round "5.2"]
[White "Richter, Nils"]
[Black "Landl, Margot"]
[Result "1-0"]
[WhiteElo "2387"]
[BlackElo "2022"]
[PlyCount "67"]
[EventDate "2022.11.03"]
[EventType "team-tourn"]
[EventRounds "11"]
[EventCountry "AUT"]
[SourceTitle "CBM 213 Extra"]
[Source "ChessBase"]
[SourceDate "2023.05.31"]
[SourceVersion "1"]
[SourceVersionDate "2023.05.31"]
[SourceQuality "1"]
[WhiteTeam "Goetzis"]
[BlackTeam "Tschaturanga"]
[WhiteTeamCountry "AUT"]
[BlackTeamCountry "AUT"]

1. Nf3 f5 2. d3 d6 3. e4 Nf6 4. exf5 Bxf5 5. d4 Qd7 6. Be2 Nc6 7. 0-0 a6 8. c4 0-0-0 9. d5 Ne5 10. Nd4 g6 11. Nc3 c5 12. dxc6 Nxc6 13. Nxf5 gxf5 14. Nd5 Kb8 15. Nxf6 exf6 16. Bf3 h5 17. Be3 Ne5 18. Bd5 Bh6 19. f4 Rc8 20. Qd4 Nc6 21. Qb6 Rhe8 22. Rae1 Qc7 23. Qxc7+ Kxc7 24. Bf7 Re4 25. Bd2 h4 26. Bd5 Re7 27. Rxe7+ Nxe7 28. Be6 Rb8 29. g3 b5 30. Ba5+ Kb7 31. cxb5 axb5 32. Rc1 Nc6 33. Bd5 Rc8 34. b4 1-0

[Event "Titled Tuesday intern op 21st Mar Early"]
[Site "Chess.com INT"]
[Date "2023.03.21"]
[Round "2"]
[White "Manon Og, Ramon Jr"]
[Black "Richter, Nils"]
[Result "1-0"]
[WhiteElo "1999"]
[BlackElo "2420"]
[PlyCount "81"]
[EventDate "2023.03.21"]
[EventType "swiss (blitz)"]
[EventRounds "11"]
[EventCountry "USA"]
[SourceTitle "EXT 2024"]
[Source "ChessBase"]
[SourceDate "2023.10.10"]
[SourceVersion "1"]
[SourceVersionDate "2023.10.10"]
[SourceQuality "1"]

1. e4 e6 2. d4 d5 3. Nd2 c5 4. Ngf3 cxd4 5. Nxd4 Nc6 6. Nxc6 bxc6 7. exd5 cxd5 8. Bd3 Nf6 9. 0-0 Bd6 10. Nf3 0-0 11. Bg5 h6 12. Bh4 Be7 13. c3 a5 14. Rc1 Ba6 15. Re1 Bxd3 16. Qxd3 Ne4 17. Bxe7 Qxe7 18. Ne5 Rfc8 19. f3 Qa7+ 20. Qe3 Nd6 21. Kf2 Nf5 22. Qxa7 Rxa7 23. g4 Nd6 24. h4 f6 25. Ng6 Kf7 26. h5 Nc4 27. Re2 Rb7 28. b3 Nd6 29. Nf4 Re7 30. Rce1 Rxc3 31. Nxd5 exd5 32. Rxe7+ Kf8 33. Rd7 Rc6 34. Ree7 Ne8 35. Ra7 d4 36. Rf7+ Kg8 37. Rfd7 Nd6 38. Rxg7+ Kf8 39. Rh7 Kg8 40. Rhc7 Rb6 41. Ra8+ 1-0

[Event "Titled Tuesday intern op 21st Mar Early"]
[Site "Chess.com INT"]
[Date "2023.03.21"]
[Round "10"]
[White "Richter, Nils"]
[Black "Skvortsov, Andrei"]
[Result "1-0"]
[WhiteElo "2420"]
[BlackElo "2298"]
[PlyCount "101"]
[EventDate "2023.03.21"]
[EventType "swiss (blitz)"]
[EventRounds "11"]
[EventCountry "USA"]
[SourceTitle "EXT 2024"]
[Source "ChessBase"]
[SourceDate "2023.10.10"]
[SourceVersion "1"]
[SourceVersionDate "2023.10.10"]
[SourceQuality "1"]

1. e4 c6 2. Nf3 d5 3. d3 dxe4 4. dxe4 Qxd1+ 5. Kxd1 Bg4 6. Be2 Nd7 7. Ne1 Bxe2+ 8. Kxe2 Nc5 9. f3 e5 10. Be3 Ne6 11. Nd3 f6 12. c3 Ne7 13. Nd2 Nc8 14. Nc4 Nd6 15. Nxd6+ Bxd6 16. a4 Ke7 17. a5 Rhd8 18. b4 a6 19. Rhd1 Bc7 20. g3 Rd7 21. Nb2 Rad8 22. Rxd7+ Rxd7 23. Nc4 h5 24. h4 g6 25. Rg1 f5 26. g4 hxg4 27. fxg4 fxe4 28. h5 Kf6 29. g5+ Kf5 30. h6 Nf4+ 31. Ke1 Bd8 32. Nd6+ Rxd6 33. h7 Bf6 34. gxf6 Rd8 35. Rh1 Rh8 36. f7 Ne6 37. Bc5 g5 38. f8Q+ Nxf8 39. Bxf8 Kg6 40. Ke2 Rxh7 41. Rxh7 Kxh7 42. Ke3 Kg6 43. Kxe4 Kf6 44. Bd6 Ke6 45. Bxe5 g4 46. c4 Kd7 47. Kf5 c5 48. b5 axb5 49. cxb5 c4 50. Kxg4 Ke6 51. a6 1-0

[Event "Rilton Cup 50th"]
[Site "Stockholm"]
[Date "2023.01.04"]
[Round "8"]
[White "Richter, Nils"]
[Black "Thorn, Eric"]
[Result "1-0"]
[WhiteElo "2416"]
[BlackElo "2397"]
[PlyCount "79"]
[EventDate "2022.12.27"]
[EventType "swiss"]
[EventRounds "9"]
[EventCountry "SWE"]
[SourceTitle "CBM 212 Extra"]
[Source "ChessBase"]
[SourceDate "2023.03.31"]
[SourceVersion "1"]
[SourceVersionDate "2023.03.31"]
[SourceQuality "1"]

1. c4 e6 2. Nc3 d5 3. d4 Nf6 4. cxd5 exd5 5. Bg5 c6 6. e3 Bd6 7. Bd3 0-0 8. Nge2 Re8 9. Qc2 h6 10. Bf4 Bxf4 11. Nxf4 c5 12. dxc5 d4 13. Nb5 Qa5+ 14. Qd2 Qxd2+ 15. Kxd2 dxe3+ 16. fxe3 Na6 17. Nd6 Rd8 18. Bxa6 Ne4+ 19. Ke2 Nxd6 20. Bd3 Ne8 21. Be4 g5 22. Nh5 Bg4+ 23. Bf3 Bxh5 24. Bxh5 Nf6 25. Bf3 Rac8 26. Rac1 Rc7 27. Rhd1 Rdc8 28. b4 a5 29. Rd6 Ne8 30. Rb6 axb4 31. Rxb4 Nf6 32. Bxb7 Rxc5 33. Rxc5 Rxc5 34. a4 Rc3 35. a5 Ra3 36. a6 Nd7 37. Rd4 Nc5 38. Rd6 Kg7 39. Rc6 Ra5 40. Rxc5 1-0

[Event "Rilton Cup 50th"]
[Site "Stockholm"]
[Date "2022.12.27"]
[Round "1"]
[White "Lever, Erwan"]
[Black "Richter, Nils"]
[Result "0-1"]
[WhiteElo "2241"]
[BlackElo "2416"]
[PlyCount "72"]
[EventDate "2022.12.27"]
[EventType "swiss"]
[EventRounds "9"]
[EventCountry "SWE"]
[SourceTitle "CBM 212 Extra"]
[Source "ChessBase"]
[SourceDate "2023.03.31"]
[SourceVersion "1"]
[SourceVersionDate "2023.03.31"]
[SourceQuality "1"]

1. d4 Nf6 2. c4 e6 3. g3 d5 4. Nf3 Be7 5. Bg2 0-0 6. 0-0 Nbd7 7. Qc2 c6 8. Rd1 b6 9. b3 Ba6 10. Nbd2 c5 11. e4 dxc4 12. d5 exd5 13. exd5 cxb3 14. axb3 Bb7 15. Nc4 Bxd5 16. Bb2 Qc7 17. Qc3 Bc6 18. Ne3 Rfe8 19. Nf5 Nf8 20. Bh3 Ng6 21. Re1 Bf8 22. Nh6+ gxh6 23. Qxf6 Bxf3 24. Qxf3 Bg7 25. Bxg7 Kxg7 26. Qc3+ Kg8 27. Qd2 h5 28. Qh6 h4 29. Bg2 Rad8 30. f4 Qd7 31. Rxe8+ Rxe8 32. Rf1 Qd4+ 33. Kh1 Qd2 34. gxh4 Re1 35. h5 Qf2 36. Rg1 Rxg1# 0-1

[Event "Bundesliga 2223"]
[Site "Germany"]
[Date "2022.11.27"]
[Round "4.5"]
[White "Hracek, Zbynek"]
[Black "Richter, Nils"]
[Result "1/2-1/2"]
[WhiteElo "2542"]
[BlackElo "2395"]
[PlyCount "53"]
[EventDate "2022.10.21"]
[EventType "team-tourn"]
[EventRounds "15"]
[EventCountry "GER"]
[SourceTitle "CBM 211"]
[Source "ChessBase"]
[SourceDate "2022.12.31"]
[SourceVersion "1"]
[SourceVersionDate "2022.12.31"]
[SourceQuality "1"]
[WhiteTeam "Werder Bremen"]
[BlackTeam "Schoenaich"]
[WhiteTeamCountry "GER"]
[BlackTeamCountry "GER"]

1. e4 c6 2. d4 d5 3. exd5 cxd5 4. Bd3 Nc6 5. c3 Qc7 6. Ne2 e5 7. dxe5 Nxe5 8. Bb5+ Bd7 9. Bxd7+ Qxd7 10. 0-0 Nf6 11. Re1 Bd6 12. Bg5 Qf5 13. Bxf6 Qxf6 14. Qxd5 0-0-0 15. Ng3 Bc7 16. Qe4 Nd3 17. Rf1 Bb6 18. Qf5+ Qxf5 19. Nxf5 Nxf2 20. Nd4 Ng4 21. Rf4 f5 22. Na3 g5 23. Rxf5 Rxd4 24. cxd4 Bxd4+ 25. Kh1 Nf2+ 26. Kg1 Ng4+ 27. Kh1 1/2-1/2

[Event "AUT-chT 2223"]
[Site "Austria"]
[Date "2022.11.05"]
[Round "3.4"]
[White "Peyrer, Konstantin"]
[Black "Richter, Nils"]
[Result "0-1"]
[WhiteElo "2393"]
[BlackElo "2387"]
[PlyCount "56"]
[EventDate "2022.11.03"]
[EventType "team-tourn"]
[EventRounds "11"]
[EventCountry "AUT"]
[SourceTitle "EXT 2024"]
[Source "ChessBase"]
[SourceDate "2023.10.10"]
[SourceVersion "1"]
[SourceVersionDate "2023.10.10"]
[SourceQuality "1"]
[WhiteTeam "Ottakring"]
[BlackTeam "Goetzis"]
[WhiteTeamCountry "AUT"]
[BlackTeamCountry "AUT"]

1. d4 Nf6 2. Bf4 d5 3. e3 c5 4. c3 Nc6 5. Nd2 cxd4 6. exd4 Bf5 7. Ngf3 e6 8. Qb3 Bd6 9. Qxb7 Bxf4 10. Qxc6+ Kf8 11. g3 Bd6 12. Nh4 Rb8 13. Nxf5 exf5 14. Rb1 Qe7+ 15. Be2 g6 16. Qa6 Kg7 17. Qd3 h5 18. Nf3 Ne4 19. Ne5 h4 20. 0-0 hxg3 21. hxg3 Rh3 22. Bf3 Rbh8 23. Bg2 R3h5 24. Rfe1 f4 25. gxf4 Qh4 26. Bxe4 dxe4 27. Qxe4 Bxe5 28. dxe5 Qg4+ 0-1

[Event "Bundesliga 2223"]
[Site "Germany"]
[Date "2022.10.23"]
[Round "2.4"]
[White "Richter, Nils"]
[Black "Dziuba, Marcin"]
[Result "0-1"]
[WhiteElo "2395"]
[BlackElo "2569"]
[PlyCount "96"]
[EventDate "2022.10.21"]
[EventType "team-tourn"]
[EventRounds "15"]
[EventCountry "GER"]
[SourceTitle "CBM 211"]
[Source "ChessBase"]
[SourceDate "2022.12.31"]
[SourceVersion "1"]
[SourceVersionDate "2022.12.31"]
[SourceQuality "1"]
[WhiteTeam "Schoenaich"]
[BlackTeam "Kiel Turm"]
[WhiteTeamCountry "GER"]
[BlackTeamCountry "GER"]

1. c4 e6 2. d4 d5 3. Nf3 Nf6 4. g3 Bb4+ 5. Nbd2 0-0 6. Bg2 b6 7. 0-0 Bb7 8. a3 Be7 9. cxd5 exd5 10. Nb1 c5 11. Nc3 Nc6 12. Bf4 Ne4 13. dxc5 Nxc3 14. bxc3 Bxc5 15. Nd4 Na5 16. Nb3 Nxb3 17. Qxb3 Qe7 18. Ra2 Rad8 19. Rd1 Ba6 20. Rxd5 Rxd5 21. Bxd5 Bxe2 22. c4 Bg4 23. Kg2 Qe1 24. Qb2 Re8 25. Ra1 Qe2 26. Ra2 Qd1 27. Qc1 Qxc1 28. Bxc1 Re1 29. Bf4 Kf8 30. a4 a5 31. Rb2 Re2 32. Rxe2 Bxe2 33. Be3 Bxe3 34. fxe3 Ke7 35. Kf2 Bd1 36. Bc6 Kd6 37. Be8 f6 38. Ke1 Bb3 39. Kd2 Kc5 40. Kc3 Bxc4 41. Bh5 b5 42. axb5 Kxb5 43. Be8+ Kc5 44. Ba4 Bb5 45. Bc2 h6 46. Be4 a4 47. Bc2 a3 48. Bb3 Bc6 0-1

[Event "Bundesliga 2223"]
[Site "Germany"]
[Date "2022.10.22"]
[Round "1.4"]
[White "Heinemann, Thies"]
[Black "Richter, Nils"]
[Result "1-0"]
[WhiteElo "2484"]
[BlackElo "2395"]
[PlyCount "57"]
[EventDate "2022.10.21"]
[EventType "team-tourn"]
[EventRounds "15"]
[EventCountry "GER"]
[SourceTitle "CBM 211"]
[Source "ChessBase"]
[SourceDate "2022.12.31"]
[SourceVersion "1"]
[SourceVersionDate "2022.12.31"]
[SourceQuality "1"]
[WhiteTeam "Hamburger SK"]
[BlackTeam "Schoenaich"]
[WhiteTeamCountry "GER"]
[BlackTeamCountry "GER"]

1. e4 c5 2. Nf3 e6 3. g3 Nc6 4. Bg2 Nf6 5. Qe2 e5 6. 0-0 Be7 7. c3 0-0 8. Rd1 d6 9. d4 cxd4 10. cxd4 exd4 11. Nxd4 Nxd4 12. Rxd4 Qb6 13. Rd1 Be6 14. Nc3 Rac8 15. Be3 Qa5 16. Qb5 Qxb5 17. Nxb5 Rc2 18. b3 a6 19. Nd4 Rc7 20. Rac1 Rxc1 21. Rxc1 Ng4 22. Nxe6 fxe6 23. Bb6 Bg5 24. Rc7 Rf7 25. h4 Bd2 26. Rc2 Bb4 27. Rc4 Be1 28. Kf1 Bd2 29. Ke2 1-0

[Event "Eberstadt"]
[Site "Eberstadt"]
[Date "2022.09.04"]
[Round "9"]
[White "Koelle, Tobias"]
[Black "Richter, Nils"]
[Result "1/2-1/2"]
[WhiteElo "2433"]
[BlackElo "2328"]
[PlyCount "72"]
[EventDate "2022.08.27"]
[EventType "tourn"]
[EventRounds "9"]
[EventCountry "GER"]
[EventCategory "5"]
[SourceTitle "CBM 210 Extra"]
[Source "ChessBase"]
[SourceDate "2022.11.30"]
[SourceVersion "1"]
[SourceVersionDate "2022.11.30"]
[SourceQuality "1"]

1. d4 d5 2. c4 c6 3. Nc3 e6 4. e4 dxe4 5. Nxe4 Bb4+ 6. Bd2 Qxd4 7. Bxb4 Qxe4+ 8. Ne2 Na6 9. Bf8 Ne7 10. Bxg7 Nb4 11. Qd6 Nd3+ 12. Kd2 Nf5 13. Qxd3 Qxd3+ 14. Kxd3 Nxg7 15. Kc3 b6 16. g4 Bb7 17. Bg2 0-0-0 18. Rad1 c5 19. Bxb7+ Kxb7 20. Nf4 Kc7 21. Rhe1 Rxd1 22. Rxd1 h5 23. g5 Nf5 24. Nd3 Rd8 25. Rd2 Nd6 26. f3 Rg8 27. Rg2 e5 28. Nxe5 f6 29. Nd3 fxg5 30. Ne5 g4 31. fxg4 Rg5 32. Nf3 Rxg4 33. Rxg4 hxg4 34. Ne5 g3 35. hxg3 Ne4+ 36. Kc2 Nxg3 1/2-1/2